[Event "RUS-chT Blitz"]
[Site "Sochi"]
[Date "2023.10.17"]
[Round "1.25"]
[White "Gavariev, Renat"]
[Black "Savchenko, Boris"]
[Result "0-1"]
[WhiteElo "2313"]
[BlackElo "2513"]
[PlyCount "90"]
[EventDate "2023.10.17"]
[EventType "team-swiss (blitz)"]
[EventRounds "13"]
[EventCountry "RUS"]
[SourceTitle "Mega2024 Update 01"]
[Source "Chessbase"]
[SourceDate "2023.11.12"]
[SourceVersion "1"]
[SourceVersionDate "2023.11.12"]
[SourceQuality "1"]
[WhiteTeam "Naberezhnye Chelny Saturn"]
[BlackTeam "Moscow Region Kuban"]
[WhiteTeamCountry "RUS"]
[BlackTeamCountry "RUS"]

1. d4 d5 2. c4 e6 3. Nc3 c6 4. e3 f5 5. Nf3 Nd7 6. Bd3 g6 7. 0-0 Bd6 8. b3 Ngf6 9. a4 Qe7 10. Bb2 0-0 11. Ne2 b6 12. a5 Bb7 13. Nf4 bxa5 14. Rxa5 Bb4 15. Ra1 a5 16. c5 e5 17. dxe5 Ng4 18. Be2 Ngxe5 19. Nxe5 Nxe5 20. Qd4 Rae8 21. Nd3 Nxd3 22. Qh8+ Kf7 23. Qxh7+ Ke6 24. Qxg6+ Kd7 25. Bxd3 Kc7 26. Qg3+ f4 27. exf4 Qxc5 28. Be5+ Kb6 29. Qg7 Qe7 30. Bd4+ c5 31. Qxe7 Rxe7 32. Be5 d4 33. f3 Bc3 34. Rab1 Bd5 35. Kf2 Kc6 36. g4 Rxe5 37. fxe5 Rxf3+ 38. Kg1 Rxd3 39. Rf6+ Kb5 40. g5 Re3 41. Rbf1 d3 42. g6 Bd4 43. Kf2 Rxe5+ 44. Kg3 Rg5+ 45. Kf4 Bxf6 0-1

[Event "RUS-chT Blitz"]
[Site "Sochi"]
[Date "2021.10.14"]
[Round "11.2"]
[White "Gavariev, Renat"]
[Black "Popov, Ivan1111"]
[Result "0-1"]
[WhiteElo "2327"]
[BlackElo "2629"]
[PlyCount "144"]
[EventDate "2021.10.14"]
[EventType "team-swiss (blitz)"]
[EventRounds "13"]
[EventCountry "RUS"]
[SourceTitle "CBM 204 Extra"]
[Source "ChessBase"]
[SourceDate "2021.11.30"]
[SourceVersion "1"]
[SourceVersionDate "2021.11.30"]
[SourceQuality "1"]
[WhiteTeam "Naberezhnye Chelny Saturn"]
[BlackTeam "Moscow Sbornaja"]
[WhiteTeamCountry "RUS"]
[BlackTeamCountry "RUS"]

1. d4 d5 2. c4 c6 3. Nf3 Nf6 4. e3 Bf5 5. Nc3 e6 6. Bd3 Bg6 7. 0-0 Nbd7 8. Qe2 Bb4 9. a3 Bxc3 10. bxc3 Nb6 11. Nd2 Na4 12. Bxg6 hxg6 13. Qd3 Qc7 14. f4 g5 15. Nf3 gxf4 16. exf4 Ne4 17. Bd2 Nb2 18. Qc2 Nxc4 19. Rae1 0-0-0 20. Bc1 f6 21. Rxe4 dxe4 22. Qxe4 Qd6 23. Re1 Rde8 24. a4 Qd5 25. Qd3 Kb8 26. h3 Ka8 27. Qg6 Re7 28. f5 e5 29. Kf2 e4 30. Nh2 Nd6 31. Ng4 Qxf5+ 32. Qxf5 Nxf5 33. Ba3 Re6 34. Bb4 b6 35. Ke2 a5 36. Ba3 Ne7 37. Ne3 Nd5 38. Rc1 Rh5 39. c4 Nf4+ 40. Kf1 Rg5 41. Rb1 Ka7 42. c5 Nd5 43. cxb6+ Nxb6 44. Bc5 Rxc5 45. dxc5 Nxa4 46. Ra1 Nc3 47. Rxa5+ Kb8 48. Ra3 Nd5 49. Ke2 Re5 50. Rb3+ Kc7 51. Nc4 Rg5 52. g3 Ne7 53. Nd2 Re5 54. Ke3 f5 55. Ra3 Rxc5 56. Ra7+ Kd6 57. g4 g6 58. gxf5 gxf5 59. h4 Rc3+ 60. Ke2 Ke6 61. h5 Rh3 62. Ra5 Nd5 63. Ra6 Ne7 64. Ra5 Rh2+ 65. Ke1 Rxh5 66. Ke2 Rh2+ 67. Ke1 Nd5 68. Ra6 Kd6 69. Nb3 Nb4 70. Rb6 Nd3+ 71. Kf1 e3 72. Nd4 e2+ 0-1

[Event "RUS-chT Blitz"]
[Site "Sochi"]
[Date "2021.10.14"]
[Round "2.5"]
[White "Kezin, Roman"]
[Black "Gavariev, Renat"]
[Result "1-0"]
[WhiteElo "2492"]
[BlackElo "2327"]
[PlyCount "61"]
[EventDate "2021.10.14"]
[EventType "team-swiss (blitz)"]
[EventRounds "13"]
[EventCountry "RUS"]
[SourceTitle "CBM 204 Extra"]
[Source "ChessBase"]
[SourceDate "2021.11.30"]
[SourceVersion "1"]
[SourceVersionDate "2021.11.30"]
[SourceQuality "1"]
[WhiteTeam "Novosibirsk Region"]
[BlackTeam "Naberezhnye Chelny Saturn"]
[WhiteTeamCountry "RUS"]
[BlackTeamCountry "RUS"]

1. d4 Nf6 2. c4 e6 3. g3 Bb4+ 4. Bd2 Qe7 5. Nf3 Nc6 6. Nc3 Bxc3 7. Bxc3 Ne4 8. Rc1 d6 9. d5 Nxc3 10. Rxc3 Nb8 11. dxe6 fxe6 12. Nd4 0-0 13. Bg2 e5 14. Nc2 Nc6 15. Ne3 Nd4 16. 0-0 Be6 17. Nd5 Qf7 18. e3 Nc6 19. f4 exf4 20. exf4 Kh8 21. Re3 Rac8 22. Rfe1 Bf5 23. b3 a5 24. Qd2 b6 25. Ne7 Nxe7 26. Rxe7 Qg6 27. Bb7 Rce8 28. Rxc7 Be4 29. Bxe4 Rxe4 30. Re7 Rexf4 31. Qxf4 1-0

[Event "Nabereznye Chelny op 8th"]
[Site "Nabereznye Chelny"]
[Date "2010.01.24"]
[Round "6"]
[White "Akhmadeev, Valery Rimovich"]
[Black "Gavariev, Renat"]
[Result "0-1"]
[WhiteElo "2179"]
[BlackElo "2336"]
[PlyCount "98"]
[EventDate "2010.01.19"]
[EventType "swiss"]
[EventRounds "9"]
[EventCountry "RUS"]
[SourceTitle "CBM 134 Extra"]
[Source "ChessBase"]
[SourceDate "2010.03.03"]
[SourceVersion "1"]
[SourceVersionDate "2010.03.03"]
[SourceQuality "1"]

1. d4 Nf6 2. Nf3 e6 3. Bf4 b6 4. e3 Bb7 5. h3 Be7 6. Bd3 c5 7. 0-0 Nc6 8. c3 Rc8 9. Nbd2 0-0 10. Qe2 d5 11. Ne5 Nxe5 12. dxe5 Ne4 13. Rad1 Qc7 14. Qh5 g6 15. Qh6 Nxd2 16. Rxd2 Rfe8 17. Bg3 Bc6 18. f4 Qd8 19. Bf2 b5 20. a3 a5 21. Rfd1 c4 22. Bc2 Ra8 23. Kh2 Bf8 24. Qh4 Qxh4 25. Bxh4 b4 26. axb4 axb4 27. Be1 bxc3 28. bxc3 Reb8 29. Rb1 Rxb1 30. Bxb1 Rb8 31. Ba2 Bc5 32. Bf2 Ba3 33. Be1 Bc1 34. Re2 Ba4 35. Bh4 Rb2 36. Rxb2 Bxb2 37. Be1 Bc1 38. Kg3 Bxe3 39. Kf3 Bc1 40. g3 Bc2 41. Ke2 Bd3+ 42. Kf3 g5 43. fxg5 Bxg5 44. Bf2 Bd2 45. Bd4 Kg7 46. g4 Kg6 47. Kf2 Kg5 48. Be3+ Bxe3+ 49. Kxe3 Kh4 0-1

[Event "Moscow Beliaev Memorial 7th"]
[Site "Moscow"]
[Date "2006.12.21"]
[Round "6"]
[White "Mikheev, Stanislav Valerievi"]
[Black "Gavariev, Renat"]
[Result "1-0"]
[WhiteElo "2334"]
[BlackElo "2324"]
[PlyCount "59"]
[EventDate "2006.12.16"]
[EventType "swiss"]
[EventRounds "9"]
[EventCountry "RUS"]
[SourceTitle "EXT 2008"]
[Source "ChessBase"]
[SourceDate "2007.11.25"]
[SourceVersion "1"]
[SourceVersionDate "2007.11.25"]
[SourceQuality "1"]

1. e4 c6 2. d4 d5 3. Nd2 dxe4 4. Nxe4 Bf5 5. Ng3 Bg6 6. h4 h6 7. Nf3 Nd7 8. h5 Bh7 9. Bd3 Bxd3 10. Qxd3 Qc7 11. Bd2 e6 12. c4 Ngf6 13. Qe2 0-0-0 14. c5 e5 15. dxe5 Bxc5 16. b4 Bb6 17. Nf5 Ng4 18. Nd6+ Kb8 19. Nxf7 Bxf2+ 20. Kf1 Bg3 21. Nxh8 Rxh8 22. Rh3 Bxe5 23. Nxe5 Ngxe5 24. Bf4 Kc8 25. Rf3 Re8 26. Rd1 Qd8 27. Bxe5 Rxe5 28. Qxe5 Nxe5 29. Rxd8+ Kxd8 30. Rg3 1-0

[Event "Chigorin Memorial-A 14th"]
[Site "St Petersburg"]
[Date "2006.10.27"]
[Round "6"]
[White "Gavariev, Renat"]
[Black "Solovjov, Sergey"]
[Result "1-0"]
[WhiteElo "2324"]
[BlackElo "2422"]
[PlyCount "99"]
[EventDate "2006.10.23"]
[EventType "swiss"]
[EventRounds "9"]
[EventCountry "RUS"]
[SourceTitle "EXT 2007"]
[Source "ChessBase"]
[SourceDate "2006.11.23"]
[SourceVersion "1"]
[SourceVersionDate "2006.11.23"]
[SourceQuality "1"]

1. d4 Nf6 2. c4 g6 3. Nc3 Bg7 4. e4 d6 5. f3 0-0 6. Be3 Nc6 7. Qd2 a6 8. 0-0-0 b5 9. Kb1 Na5 10. g4 Nxc4 11. Bxc4 bxc4 12. Nge2 Rb8 13. h4 c5 14. Bh6 cxd4 15. Nxd4 Bd7 16. h5 Bxh6 17. Qxh6 Qa5 18. Nde2 Qe5 19. f4 Nxg4 20. Qxf8+ Rxf8 21. fxe5 Nf2 22. exd6 Nxd1 23. Rxd1 exd6 24. Rxd6 Bg4 25. Nf4 Kg7 26. Ncd5 Kh6 27. Nf6 Bf3 28. e5 Rb8 29. hxg6 hxg6 30. Kc2 Kg5 31. Nh3+ Kf5 32. Nd7 Rh8 33. Rf6+ Kg4 34. Ng5 Rh2+ 35. Kc3 Bd1 36. Nxf7 Rc2+ 37. Kb4 a5+ 38. Kc5 Rxb2 39. Kxc4 Ba4 40. Rxg6+ Kf4 41. Rf6+ Ke3 42. Nb6 Rc2+ 43. Kd5 Bb5 44. a4 Be8 45. e6 Kd3 46. Ne5+ Kc3 47. e7 Rd2+ 48. Kc5 Re2 49. Rf3+ Kc2 50. Rf8 1-0

[Event "EU-ch U18"]
[Site "Herceg Novi"]
[Date "2005.09.16"]
[Round "3"]
[White "Gavariev, Renat"]
[Black "Pashikian, Arman"]
[Result "0-1"]
[WhiteElo "2294"]
[BlackElo "2442"]
[PlyCount "70"]
[EventDate "2005.09.14"]
[EventType "swiss"]
[EventRounds "9"]
[EventCountry "YUG"]
[SourceTitle "CBM 108 Extra"]
[Source "ChessBase"]
[SourceDate "2005.11.04"]
[SourceVersion "1"]
[SourceVersionDate "2005.11.04"]
[SourceQuality "1"]

1. d4 Nf6 2. c4 e6 3. Nf3 d5 4. Nc3 Bb4 5. e3 0-0 6. Bd3 c5 7. 0-0 Nc6 8. a3 Ba5 9. dxc5 Bxc3 10. bxc3 e5 11. cxd5 Qxd5 12. e4 Qxc5 13. Qc2 Bg4 14. Be3 Qe7 15. Be2 Rac8 16. Qa4 Bd7 17. Qc2 b6 18. Rfd1 h6 19. Nd2 Ng4 20. Bxg4 Bxg4 21. f3 Be6 22. Qa4 Na5 23. Qb4 Qc7 24. Rac1 Rfd8 25. Nb1 Rxd1+ 26. Rxd1 Ba2 27. Kh1 Nc4 28. Bf2 Rd8 29. Rc1 Qd7 30. a4 a5 31. Qb5 Qxb5 32. axb5 Bb3 33. h3 a4 34. Kh2 Rd1 35. Rxd1 Bxd1 0-1

[Event "RUS-chT Clubs sf"]
[Site "Cheliabinsk"]
[Date "2005.01.??"]
[Round "2"]
[White "Gavariev, Renat"]
[Black "Lushenkov, Mikhail M"]
[Result "1/2-1/2"]
[WhiteElo "2303"]
[BlackElo "2387"]
[PlyCount "128"]
[EventDate "2005.01.??"]
[EventType "team"]
[EventRounds "9"]
[EventCountry "RUS"]
[SourceTitle "EXT 2006"]
[Source "ChessBase"]
[SourceDate "2005.11.24"]
[SourceVersion "1"]
[SourceVersionDate "2005.11.24"]
[SourceQuality "1"]

1. d4 Nf6 2. c4 e6 3. Nf3 b6 4. g3 Ba6 5. b3 b5 6. cxb5 Bxb5 7. Bg2 Bc6 8. 0-0 Qc8 9. Nbd2 Qb7 10. Nc4 a5 11. Bd2 Bb4 12. Qe1 Bxd2 13. Qxd2 Qb4 14. Rac1 Qxd2 15. Ncxd2 a4 16. b4 a3 17. Ne5 Bxg2 18. Kxg2 d6 19. Nd3 Kd7 20. Rc2 Rc8 21. Rfc1 Nd5 22. e4 Ne7 23. Nb3 Nec6 24. f3 Na7 25. Kf2 Nbc6 26. Ke3 Rab8 27. Rc4 f6 28. h3 Rb5 29. Na1 e5 30. d5 Nd4 31. R4c3 Rbb8 32. Rxa3 Nab5 33. Ra5 Ra8 34. a4 Rxa5 35. bxa5 Na3 36. Rc3 Nb1 37. Rc1 Na3 38. Nb4 Rb8 39. Nc6 Nxc6 40. dxc6+ Kc8 41. Rc3 Nb1 42. Rb3 Rxb3+ 43. Nxb3 Nc3 44. Kd3 Nxa4 45. Kc4 Kb8 46. Kd5 Ka7 47. Ke6 Nc5+ 48. Nxc5 dxc5 49. Kd7 Kb8 50. a6 c4 51. a7+ Kxa7 52. Kxc7 c3 53. Kd8 c2 54. c7 c1Q 55. c8Q Qh6 56. Ke7 Kb6 57. Kf8 Kb5 58. Qd7+ Kc4 59. Qxg7 Qxh3 60. Ke7 Qg2 61. Qg4 h5 62. Qxh5 Qxg3 63. Kxf6 Kd4 64. Qg4 Qh2 1/2-1/2

[Event "RUS-chT Clubs sf"]
[Site "Cheliabinsk"]
[Date "2005.01.??"]
[Round "6"]
[White "Gubin, Andrey"]
[Black "Gavariev, Renat"]
[Result "0-1"]
[WhiteElo "2268"]
[BlackElo "2303"]
[PlyCount "124"]
[EventDate "2005.01.??"]
[EventType "team"]
[EventRounds "9"]
[EventCountry "RUS"]
[SourceTitle "EXT 2006"]
[Source "ChessBase"]
[SourceDate "2005.11.24"]
[SourceVersion "1"]
[SourceVersionDate "2005.11.24"]
[SourceQuality "1"]

1. e4 c6 2. d4 d5 3. e5 Bf5 4. h4 h5 5. c4 dxc4 6. Bxc4 e6 7. Nc3 Nd7 8. Nf3 Nb6 9. Bd3 Bxd3 10. Qxd3 Nh6 11. Bg5 Be7 12. 0-0-0 Nf5 13. Kb1 Qc7 14. Rc1 Bxg5 15. hxg5 0-0-0 16. Nb5 Qe7 17. Nxa7+ Kb8 18. Qd2 Nd5 19. Qa5 Qb4 20. Qxb4 Nxb4 21. Rc4 Nd5 22. Nxc6+ bxc6 23. Rxc6 Kb7 24. Rc4 g6 25. Rhc1 Rc8 26. Rc5 Rhd8 27. R1c4 Rxc5 28. dxc5 Kc6 29. b3 Rb8 30. Ne1 Rb4 31. Rxb4 Nxb4 32. a3 Nd5 33. b4 Kb5 34. Kc2 Kc4 35. Nf3 h4 36. Nd2+ Kb5 37. Nf3 Kc4 38. Nd2+ Kb5 39. Nf3 Ka4 40. Kb2 Nf4 41. Kc3 Nxg2 42. Kc4 Nf4 43. c6 Nd5 44. Kc5 h3 45. Nh2 Ng7 46. b5 Ka5 47. c7 Nxc7 48. b6 Na6+ 49. Kc6 Nh5 50. b7 Nf4 51. Kd7 Nd3 52. Kc8 Ka4 53. Kd7 Nac5+ 54. Kc6 Nxb7 55. Kxb7 Kxa3 56. Kc6 Kb4 57. Kd6 Nxf2 58. Ke7 Nd3 59. Kxf7 Nf4 60. Ng4 Kc3 61. Nh2 Kd3 62. Nf3 Ke3 0-1

[Event "Privolzhskogo FO-ch"]
[Site "Omsk"]
[Date "2004.12.13"]
[Round "4"]
[White "Smirnov, Vladimir Sergeevich"]
[Black "Gavariev, Renat"]
[Result "0-1"]
[WhiteElo "2259"]
[BlackElo "2310"]
[PlyCount "62"]
[EventDate "2004.12.11"]
[EventType "swiss"]
[EventRounds "5"]
[EventCountry "RUS"]
[SourceTitle "EXT 2006"]
[Source "ChessBase"]
[SourceDate "2005.11.24"]
[SourceVersion "1"]
[SourceVersionDate "2005.11.24"]
[SourceQuality "1"]

1. e4 c6 2. d4 d5 3. e5 Bf5 4. h4 h5 5. c4 dxc4 6. Bxc4 e6 7. Nc3 Nd7 8. Nf3 Be7 9. Bg5 Nb6 10. Be2 Qd7 11. Bxe7 Nxe7 12. Ng5 Bg6 13. Qd2 0-0-0 14. 0-0-0 Kb8 15. g3 Qc7 16. Bf3 Rd7 17. Be4 Bxe4 18. Ncxe4 Nf5 19. Nf3 Rhd8 20. Qc3 Na4 21. Qb4 Nb6 22. Nc5 Rd5 23. Rd2 Qe7 24. Rhd1 Ka8 25. a4 Nxd4 26. Rxd4 Qxc5+ 27. Qxc5 Rxc5+ 28. Kb1 Rcd5 29. Rxd5 cxd5 30. b3 Nd7 31. Re1 Nb8 0-1

[Event "Privolzhskogo FO-ch"]
[Site "Omsk"]
[Date "2004.12.11"]
[Round "2"]
[White "Sharafiev, Azat"]
[Black "Gavariev, Renat"]
[Result "1/2-1/2"]
[WhiteElo "2252"]
[BlackElo "2310"]
[PlyCount "36"]
[EventDate "2004.12.11"]
[EventType "swiss"]
[EventRounds "5"]
[EventCountry "RUS"]
[SourceTitle "EXT 2006"]
[Source "ChessBase"]
[SourceDate "2005.11.24"]
[SourceVersion "1"]
[SourceVersionDate "2005.11.24"]
[SourceQuality "1"]

1. e4 c6 2. d3 d5 3. Nd2 dxe4 4. dxe4 e5 5. Ngf3 Qc7 6. Nc4 f6 7. a4 Be6 8. Be2 Nd7 9. Nfd2 Nh6 10. 0-0 Be7 11. Ne3 0-0 12. Bc4 Bxc4 13. Ndxc4 Rfd8 14. Qf3 Nc5 15. b4 Ne6 16. c3 Ng5 17. Qe2 Nxe4 18. Ng4 Nxc3 1/2-1/2

[Event "RUS-ch U18"]
[Site "Dagomys"]
[Date "2004.04.??"]
[Round "7"]
[White "Gavariev, Renat"]
[Black "Malakhevich, Evgeny"]
[Result "1-0"]
[WhiteElo "2314"]
[BlackElo "2129"]
[PlyCount "70"]
[EventDate "2004.04.??"]
[EventType "swiss"]
[EventRounds "10"]
[EventCountry "RUS"]
[SourceTitle "EXT 2005"]
[Source "ChessBase"]
[SourceDate "2004.11.15"]
[SourceVersion "1"]
[SourceVersionDate "2004.11.15"]
[SourceQuality "1"]

1. d4 Nf6 2. c4 e6 3. Nf3 b6 4. g3 Bb7 5. Bg2 Be7 6. Nc3 0-0 7. 0-0 Ne4 8. Qc2 Nxc3 9. Qxc3 f5 10. Be3 Bf6 11. Qd2 d6 12. d5 e5 13. Ng5 Bxg5 14. Bxg5 Qe8 15. e4 f4 16. gxf4 h6 17. fxe5 hxg5 18. e6 Rf4 19. Rae1 Qe7 20. Re3 Na6 21. Bh3 Raf8 22. Bf5 Rf6 23. Rg3 Rh6 24. Kh1 Nc5 25. f3 Qf6 26. Rfg1 Rh5 27. Bg6 Qxg6 28. Qxf4 Nd3 29. Qf5 Qf6 30. R3g2 b5 31. Qxf6 gxf6 32. cxb5 Kf8 33. Rc2 Rh7 34. Rc3 Nxb2 35. Ra3 c6 1-0

[Event "RUS-ch U18"]
[Site "Dagomys"]
[Date "2004.04.??"]
[Round "4"]
[White "Gavariev, Renat"]
[Black "Plotnikov, Pavel"]
[Result "1/2-1/2"]
[WhiteElo "2314"]
[BlackElo "2217"]
[PlyCount "58"]
[EventDate "2004.04.??"]
[EventType "swiss"]
[EventRounds "10"]
[EventCountry "RUS"]
[SourceTitle "EXT 2005"]
[Source "ChessBase"]
[SourceDate "2004.11.15"]
[SourceVersion "1"]
[SourceVersionDate "2004.11.15"]
[SourceQuality "1"]

1. d4 Nf6 2. c4 b6 3. Nc3 Bb7 4. Nf3 e6 5. g3 Be7 6. Bg2 0-0 7. 0-0 d6 8. Qc2 Nbd7 9. e4 e5 10. d5 c6 11. dxc6 Bxc6 12. Qe2 Nc5 13. Ne1 Nfd7 14. Nd5 Bg5 15. Nc2 Bxc1 16. Raxc1 Nf6 17. Nc3 Qc7 18. Rfd1 Rad8 19. Rd2 Na4 20. Nxa4 Bxa4 21. b3 Bc6 22. Rcd1 g6 23. f3 Ne8 24. Ne3 Ng7 25. Bh3 Ne6 26. Bxe6 fxe6 27. Ng2 Qe7 28. Ne1 Rd7 29. Nc2 Rfd8 1/2-1/2

[Event "EU-ch U16"]
[Site "Budva"]
[Date "2003.09.20"]
[Round "7"]
[White "Ryzhov, Ivan"]
[Black "Gavariev, Renat"]
[Result "1/2-1/2"]
[WhiteElo "2240"]
[BlackElo "2256"]
[PlyCount "58"]
[EventDate "2003.09.13"]
[EventType "swiss"]
[EventRounds "9"]
[EventCountry "YUG"]
[SourceTitle "CBM 096 Extra"]
[Source "ChessBase"]
[SourceDate "2003.10.22"]
[SourceVersion "2"]
[SourceVersionDate "2003.10.20"]
[SourceQuality "1"]

1. d4 Nf6 2. c4 e6 3. Nf3 Bb4+ 4. Nbd2 0-0 5. e3 c5 6. dxc5 Bxc5 7. Be2 b6 8. 0-0 Bb7 9. Qc2 Be7 10. a3 d6 11. b3 Nbd7 12. Bb2 Qc7 13. Rac1 Rac8 14. Qb1 Rfd8 15. Qa1 Qb8 16. Rfd1 Qa8 17. Bf1 Nc5 18. Qa2 a6 19. b4 Nce4 20. Qa1 Nxd2 21. Nxd2 Bc6 22. b5 axb5 23. cxb5 Be8 24. Bd4 Qb8 25. Rxc8 Rxc8 26. Nc4 e5 27. Bb2 Ne4 28. a4 Nc5 29. f3 Bd7 1/2-1/2

[Event "EU-ch U16"]
[Site "Budva"]
[Date "2003.09.15"]
[Round "3"]
[White "Bove, Alessandro"]
[Black "Gavariev, Renat"]
[Result "1/2-1/2"]
[WhiteElo "2129"]
[BlackElo "2256"]
[PlyCount "36"]
[EventDate "2003.09.13"]
[EventType "swiss"]
[EventRounds "9"]
[EventCountry "YUG"]
[SourceTitle "CBM 096 Extra"]
[Source "ChessBase"]
[SourceDate "2003.10.22"]
[SourceVersion "2"]
[SourceVersionDate "2003.10.20"]
[SourceQuality "1"]

1. e4 c6 2. d4 d5 3. f3 g6 4. Nc3 Bg7 5. Be3 e6 6. Qd2 Nd7 7. 0-0-0 Nb6 8. Kb1 Bd7 9. g4 Qe7 10. Bg5 f6 11. Bf4 0-0-0 12. exd5 exd5 13. Na4 g5 14. Bg3 f5 15. Qa5 f4 16. Nc5 Kb8 17. Bf2 Nf6 18. Qb4 Rhe8 1/2-1/2

[Event "EU-ch U16"]
[Site "Budva"]
[Date "2003.09.13"]
[Round "1"]
[White "Vandenbussche, Thibaut"]
[Black "Gavariev, Renat"]
[Result "1/2-1/2"]
[WhiteElo "2040"]
[BlackElo "2256"]
[PlyCount "57"]
[EventDate "2003.09.13"]
[EventType "swiss"]
[EventRounds "9"]
[EventCountry "YUG"]
[SourceTitle "CBM 096 Extra"]
[Source "ChessBase"]
[SourceDate "2003.10.22"]
[SourceVersion "2"]
[SourceVersionDate "2003.10.20"]
[SourceQuality "1"]

1. e4 c6 2. d4 d5 3. Nc3 dxe4 4. Nxe4 Bf5 5. Ng3 Bg6 6. Nf3 Nd7 7. h4 h6 8. h5 Bh7 9. Bd3 Bxd3 10. Qxd3 Ngf6 11. Bd2 e6 12. 0-0-0 Qc7 13. Qe2 0-0-0 14. Ne5 Nxe5 15. dxe5 Nd7 16. Bc3 Be7 17. Kb1 Nb6 18. Ba5 Rd5 19. Rxd5 cxd5 20. c4 dxc4 21. Rc1 Kb8 22. Bxb6 Qxb6 23. Rxc4 Rc8 24. Rxc8+ Kxc8 25. Qc4+ Qc7 26. Qb5 Qd7 27. Qc4+ Qc7 28. Qd4 Qd7 29. Qc4+ 1/2-1/2